America in the modern world

Gardado en:
Detalles Bibliográficos
Autor Principal: Brogan, D. W.
Formato: Libro
Idioma:Undetermined
Publicado: London Hamish Hamilton 1960
Những chủ đề:
Các nhãn: Engadir etiqueta
Sen Etiquetas, Sexa o primeiro en etiquetar este rexistro!
Thư viện lưu trữ: Trung tâm Học liệu Trường Đại học Cần Thơ
LEADER 00481nam a2200181Ia 4500
001 CTU_77924
008 210402s9999 xx 000 0 und d
082 |a 973.92 
082 |b B866 
100 |a Brogan, D. W. 
245 0 |a America in the modern world 
245 0 |c D. W. Brogan 
260 |a London 
260 |b Hamish Hamilton 
260 |c 1960 
650 |a National characteristics, American 
904 |i Trúc 
980 |a Trung tâm Học liệu Trường Đại học Cần Thơ